| 000 | 00605nam a2200181Ia 4500 | ||
|---|---|---|---|
| 008 | 090630s9999 xx 000 0 und d | ||
| 082 | _b661 | ||
| 100 | _aकेळकर न. चि. | ||
| 245 |
_aसुधारणा सुख व सदाचार. _cकेळकर न. चि. |
||
| 260 |
_b--- _c1945 |
||
| 300 | _a251 | ||
| 600 | _aकेळकर न. चि. | ||
| 630 | _aसुधारणा सुख व सदाचार. | ||
| 655 | _aइतर. | ||
| 700 | _aकेळकर न. चि. | ||
| 730 | _aसुधारणा सुख व सदाचार. | ||
| 942 | _cBOOK | ||
| 999 |
_c252517 _d252517 |
||